000 00565nam a2200181 i 4500
001 149473
003 ES-MaACL
005 20251005063117.0
007 t|
008 071022s1952 sp ||||1| spa d
100 1 _aVázquez, Pura,
_d1918-2006
_9113384
245 1 0 _aColumpio de luna a sol
_b: (poesía infantil) /
_cPura Vázquez.
260 _aMadrid :
_bBoris Bureba,
_c[1952]
300 _a192 p. :
_bil. ;
_c20 cm.
500 _aEs publicación del Colegio Mayor para Menores.
852 _aES-MaACL
_jC-7872
_bR.33361
999 _c149473
_d149473